| 000 | 00872nam a2200217 a 4500 | ||
|---|---|---|---|
| 001 | 000275175 | ||
| 003 | AM-YeHGA | ||
| 005 | 20250618071818.0 | ||
| 008 | 031022s1981 aj a||||r|||||||||1|arm|d | ||
| 040 | _aAM-YeHGA | ||
| 041 | 0 | _aarm | |
| 100 | 1 | _aԽաչանյան, Կոնստանդին Սահակի | |
| 245 | 1 | 0 |
_aՀայրենի աղբյուր : _b[Բանաստեղծություններ] / _cԿ. Խաչանյան ; Խմբ.՝ Վլ. Աբրահամյան ; Նկ.՝ Գ. Ավանեսով. |
| 260 |
_aԲաքու : _bԳյանջլիք, _c1981. |
||
| 300 |
_a55 էջ : _bդիմանկ. ; _c16 սմ. |
||
| 650 | 1 | 4 |
_aՀայ գրականություն _xԲանաստեղծություն |
| 700 | 1 |
_aԱբրահամյան, Վլադիմիր Գուրգենի, _d1930-2017 _eխմբ. _4edt _9949 |
|
| 700 | 1 |
_aԱվանեսով, Գ. _eնկ. _4art |
|
| 942 |
_2udc _cBK |
||
| 090 | _c101453 | ||
| 999 |
_c100138 _d100138 |
||